Vainqueurs du prix d'Amérique depuis 1986 - Statistiques

Statistiques générales
  • Ce quiz a été pris 98 fois
  • Le résultat moyen est 23 sur 38
Statistiques - réponses
Année Driver Cheval % Correct
1990 Michel-Marcel Gougeon Ourasi
93%
1988 Jean-René Gougeon Ourasi
93%
1987 Jean-René Gougeon Ourasi
93%
1986 Jean-René Gougeon Ourasi
93%
2017 Franck Nivard Bold Eagle
84%
2016 Franck Nivard Bold Eagle
84%
2021 Björn Goop Face Time Bourbon
79%
2020 Björn Goop Face Time Bourbon
79%
2000 Jules Lepennetier Général Du Pommeau
79%
2012 Franck Nivard Ready Cash
77%
2011 Franck Nivard Ready Cash
77%
2023 Jean-Michel Bazire Hooker Berry
74%
2022 Nicolas Bazire Davidson du Pont
72%
2005 Christophe Gallier Jag De Bellouet
70%
2019 Jean-Michel Bazire Bélina Josselyn
68%
2002 Giampaolo Minnucci Varenne
68%
2001 Giampaolo Minnucci Varenne
68%
2004 Jean-Michel Bazire Kesaco Phedo
60%
2018 Björn Goop Readly Express
60%
2014 Örjan Kihlström Maharajah
58%
2010 Sébastien Ernault Oyonnax
58%
1991 Jean-Baptiste Bossuet Ténor De Baune
58%
2015 Jean-Michel Bazire Up and Quick
58%
1999 Jean-Michel Bazire Moni Maker
56%
2008 Pierre Levesque Offshore Dream
54%
2007 Pierre Levesque Offshore Dream
54%
2013 Jean-Philippe Dubois Royal Dream
54%
2009 Franck Nivard Meaulnes Du Corta
53%
1996 Jean-Etienne Dubois Cocktail Jet
49%
2003 Jos Verbeeck Abano As
39%
1995 Helen Johansson Ina Scot
37%
1989 Roger Baudron Queila Gédé
37%
2006 Dominik Locqueneux Gigant Neo
32%
1993 Stig Henry Johansson Queen L
32%
1997 Jos Verbeeck Abo Volo
28%
1998 Jos Verbeeck Dryade Des Bois
28%
1994 Jos Verbeeck Sea Cove
28%
1992 Jean-Claude Hallais Verdict Gédé
23%
Aucun quiz correspondant
Distribution des résultats
% des personnes avec chaque résultat
Percentile par nombre de réponses
Votre historique - résultats
Vous n’avez pas pris ce quiz